| 000 | | | 04329nmc2a22000003x 450 |
| 001 | | | 75fba0c6-4700-4acf-9ab3-c82e39385eb1 |
| 005 | | | 20210202111032.0 |
| 100 | ## | $a | 20191111l16201914k l0rusy0189 ca |
| 101 | 0# | $a | rus |
| | $a | fre |
| 102 | ## | $a | RU |
| 200 | 1# | $a | Письма (восемьдесят восемь) А.И. Философову от сына Михаила [Алексеевича] Философова |
| | $j | 7 июня 1851 г. - 26 января 1874 г. и без даты |
| | $e | семейного характера, (в том числе детские), о личных делах, успехах в учебе, времяпрепровождении, о своей службе, с новостями о родственниках и общих знакомых, о поездках в имения Кемля Нижегородской губернии и Загвоздье Петербургской губернии, поздравительные с праздниками |
| 251 | ## | $c | Дело |
| 300 | ## | $a | Документы А.И. Философова и А.Г. Философовой (рожденной Столыпиной). Письма разных лиц А.И. Философову |
| 300 | ## | $a | На русском и французском языках |
| 801 | #0 | $a | RU |
| | $b | РГИА |
| | $c | 20191111 |
| | $g | RCR |
| 801 | #1 | $a | RU |
| | $b | ГлавНИВЦ |
| | $c | 20191111 |
| | $2 | rusmarc |
| 801 | #2 | $a | RU |
| | $b | ПБ им. Б.Н. Ельцина |
| | $c | 20210202 |
| | $g | RCR |
| | $2 | rusmarc |
| 850 | ## | $a | РГИА |
| 852 | ## | $a | РГИА |
| | $e | Федеральное казенное учреждение "Российский государственный исторический архив" (РГИА) |
| | $j | 831 |
| 937 | ## | $h | РГИА |
| | $d | 12329882 |
| | $a | ASBIBLIO_SCAN |
| 462 | #0 | $1 | 0014d3a017d-0f59-479d-854a-a33f257889ce |
| | $1 | 2001 |
| | $a | 1620-1914 гг. |
| | $1 | 251 |
| | $c | Опись |
| | $1 | 852 |
| | $j | 1 |
| 461 | #0 | $1 | 0013ac9e1a7-0948-4040-b955-7f6f9bd0478b |
| | $1 | 2001 |
| | $a | Философов Алексей Илларионович (1799-1874), генерал- адъютант, воспитатель великих князей Николая и Михаила Николаевичей, временный военный губернатор Петербурга |
| | $1 | 251 |
| | $c | Фонд |
| | $1 | 852 |
| | $j | 1075 |
| 215 | ## | $a | 179 л. |
| | $c | рис. |
| | $d | 24х37 см |
| 371 | ## | $a | Документ не является опубликованным и широко распространяемым |
| 105 | ## | $a | a### |
| 122 | 2# | $a | d |
| 035 | ## | $a | 75fba0c6-4700-4acf-9ab3-c82e39385eb1 |
| 856 | ## | $u | http://readingroom.main.prlib.ru/item.aspx?id_node=n155989357&mode=full |